Style in the french novel

Uloženo v:
Podrobná bibliografie
Hlavní autor: Ullmann, Stephen
Médium: Kniha
Jazyk:Undetermined
Vydáno: Gran Bretaña Oxford Basil Blackwell 1964
Témata:
Tagy: Přidat tag
Žádné tagy, Buďte první, kdo vytvoří štítek k tomuto záznamu!

MARC

LEADER 00000nam a2200000Ia 4500
008 170316s9999 xx 000 0 und d
040 |a cru BVZT 
090 |a C-840 U-1s 
100 |a Ullmann, Stephen 
245 |a Style in the french novel 
260 |a Gran Bretaña 
260 |b Oxford Basil Blackwell 
260 |c 1964 
300 |a 277 páginas 
650 |a LITERATURA FRANCESA 
650 |a CRÍTICA 
999 |c 13032  |d 13032 
942 |c 15 D  |h C-840 U-1s  |2 z